[Event "Festival International d'Eté JCL 2013 -"]
[Site "Montpellier"]
[Date "2013.07.06"]
[Round "2.7"]
[White "Touzane, Olivier"]
[Black "Carre, Sylvain"]
[Result "0-1"]
[WhiteElo "2314"]
[BlackElo "2129"]
[PlyCount "140"]
[EventDate "2013.??.??"]
[EventType "swiss"]
[EventRounds "5"]
[EventCountry "FRA"]
[SourceDate "2005.09.12"]

1. d4 d5 2. c4 c6 3. Nc3 Nf6 4. Nf3 dxc4 5. a4 Bf5 6. e3 e6 7. Bxc4 Bb4 8. O-O
O-O 9. Qe2 Bg4 10. h3 Bh5 11. e4 Bxf3 12. Qxf3 Qxd4 13. Ba2 Bxc3 14. bxc3 Qxe4
15. Qg3 Nbd7 16. Rb1 Qxa4 17. Bh6 Nh5 18. Qg5 Qxa2 19. Qxh5 Qc2 20. Rxb7 Nf6
21. Qh4 Qe4 22. f4 Qg6 23. Bg5 h6 24. Bxf6 Qxf6 25. Qxf6 gxf6 26. Ra1 a5 27.
Kf2 Ra6 28. Ke3 Rd8 29. Ra4 f5 30. g4 fxg4 31. hxg4 Kg7 32. c4 Rd1 33. Ra2 Kf6
34. Rc7 Re1+ 35. Kf3 Rf1+ 36. Ke4 Rg1 37. Kf3 Rb6 38. Rh2 Kg7 39. Rd2 Rb3+ 40.
Ke4 Re1+ 41. Kd4 Rf3 42. f5 exf5 43. gxf5 Rf4+ 44. Kc5 Rxf5+ 45. Kxc6 a4 46.
Ra2 Re6+ 47. Kb7 h5 48. Rxa4 h4 49. c5 h3 50. Ra2 Rh6 51. Rh2 Rg5 52. Rc6 Rhh5
53. Rd6 Rxc5 54. Rd3 Rc4 55. Rg3+ Kh7 56. Rf2 f5 57. Re2 Rg4 58. Re7+ Kg6 59.
Rd3 h2 60. Re6+ Kf7 61. Rc6 h1=Q 62. Rd7+ Ke8 63. Rdd6 Rh7+ 64. Kc8 Re7 65. Rh6
Qa1 66. Ra6 Rc4+ 67. Kb8 Qe5+ 68. Rhd6 Rd4 69. Kc8 Rxd6 70. Rxd6 Qc5+ 0-1

[Event "Festival International d'Eté JCL 2013 -"]
[Site "Montpellier"]
[Date "2013.07.06"]
[Round "2.8"]
[White "Malassagne, Raphael"]
[Black "Marholev, Dimitar"]
[Result "0-1"]
[WhiteElo "2139"]
[BlackElo "2308"]
[PlyCount "48"]
[EventDate "2013.??.??"]
[EventType "swiss"]
[EventRounds "5"]
[EventCountry "FRA"]
[SourceDate "2005.09.12"]

1. c4 b6 2. Nc3 Bb7 3. e4 c5 4. g3 g6 5. Nge2 Bg7 6. Bg2 h5 7. d4 cxd4 8. Nxd4
Nc6 9. Nxc6 dxc6 10. Qc2 Qc7 11. Bf4 e5 12. Bg5 Nf6 13. Rd1 Nh7 14. Be3 Nf8 15.
Qa4 Ne6 16. Nd5 Qb8 17. Nb4 O-O 18. Nxc6 Qe8 19. Rd6 Nd8 20. b4 Nxc6 21. O-O
Nd4 22. Qd7 Qxd7 23. Rxd7 Bc6 24. Rc7 Rfc8 0-1

[Event "Festival International d'Eté JCL 2013 -"]
[Site "Montpellier"]
[Date "2013.07.06"]
[Round "2.13"]
[White "Libiszewski, Fabien"]
[Black "Colleo, Guy"]
[Result "1-0"]
[WhiteElo "2523"]
[BlackElo "1742"]
[PlyCount "67"]
[EventDate "2013.??.??"]
[EventType "swiss"]
[EventRounds "5"]
[EventCountry "FRA"]
[SourceDate "2005.09.12"]

1. e4 c5 2. Nf3 d6 3. c3 Nf6 4. h3 Nc6 5. Bd3 e6 6. Bc2 Be7 7. d4 cxd4 8. cxd4
Nb4 9. Ba4+ Bd7 10. Nc3 O-O 11. Bb3 d5 12. e5 Ne4 13. O-O f5 14. exf6 Nxf6 15.
Re1 Nc6 16. Bc2 a6 17. a3 Qe8 18. Qd3 Qh5 19. Ng5 Nd8 20. Bd1 Qe8 21. Bd2 h6
22. Nf3 Bd6 23. Bc2 Qh5 24. Ne5 Be8 25. Rac1 Nc6 26. Nxc6 Bxc6 27. Rxe6 Rad8
28. Rce1 Ne4 29. f3 Bd7 30. Rxd6 Nxd6 31. Qh7+ Kf7 32. g4 Qxh3 33. Bg6+ Kf6 34.
Nxd5# 1-0

[Event "Festival International d'Eté JCL 2013 -"]
[Site "Montpellier"]
[Date "2013.07.06"]
[Round "2.36"]
[White "Weill, Roland"]
[Black "Buscara, Sevan"]
[Result "0-1"]
[WhiteElo "2106"]
[BlackElo "2334"]
[PlyCount "40"]
[EventDate "2013.??.??"]
[EventType "swiss"]
[EventRounds "5"]
[EventCountry "FRA"]
[SourceDate "2005.09.12"]

1. e4 d5 2. exd5 Qxd5 3. Nc3 Qa5 4. Rb1 Nf6 5. b4 Qe5+ 6. Be2 Bg4 7. d4 Bxe2 8.
Ngxe2 Qf5 9. Ng3 Qe6+ 10. Be3 Qc6 11. Qd3 Qxg2 12. d5 c6 13. dxc6 Qxc6 14. O-O
Nbd7 15. Bf4 e6 16. Rfe1 Be7 17. b5 Qb6 18. Nf5 exf5 19. Qxf5 Qc5 20. Qxc5 Nxc5
0-1

[Event "Festival International d'Eté JCL 2013 -"]
[Site "Montpellier"]
[Date "2013.07.05"]
[Round "3.1"]
[White "Brochet, Philippe"]
[Black "Mohebbi, Jafar"]
[Result "1-0"]
[WhiteElo "2396"]
[BlackElo "2294"]
[PlyCount "139"]
[EventDate "2013.??.??"]
[EventType "swiss"]
[EventRounds "5"]
[EventCountry "FRA"]
[SourceDate "2005.09.12"]

1. e4 d6 2. Nc3 c5 3. d4 cxd4 4. Qxd4 Nc6 5. Bb5 Bd7 6. Bxc6 bxc6 7. f4 Qb6 8.
Qd3 e6 9. Nf3 d5 10. Be3 Bc5 11. Bxc5 Qxc5 12. Ne5 Nf6 13. O-O-O O-O 14. g4 Bc8
15. g5 Nd7 16. Nxd7 Bxd7 17. h4 f5 18. gxf6 Rxf6 19. Qg3 Raf8 20. exd5 exd5 21.
Ne4 dxe4 22. Rxd7 Rg6 23. Qb3+ Kh8 24. h5 Rg1+ 25. Rxg1 Qxg1+ 26. Rd1 Qg4 27.
Qe3 Qxh5 28. Qxe4 Qf7 29. Kb1 h6 30. Qxc6 Qxf4 31. c4 Qf5+ 32. Ka1 Rc8 33. Qa4
Qg4 34. Rc1 h5 35. Qc2 Rc5 36. b4 Qd4+ 37. Kb1 Rg5 38. Rd1 Qb6 39. a3 Rg1 40.
c5 Rxd1+ 41. Qxd1 Qg6+ 42. Qc2 Qc6 43. a4 a6 44. Qc4 Kh7 45. b5 axb5 46. axb5
Qh1+ 47. Kb2 Qh2+ 48. Kb3 Qg3+ 49. Ka4 Qg4 50. Qxg4 hxg4 51. c6 g3 52. c7 g2
53. c8=Q g1=Q 54. Qh3+ Kg6 55. Qe6+ Kh5 56. b6 g5 57. Qh3+ Kg6 58. Qd3+ Kf6 59.
Qd6+ Kf5 60. Qd5+ Kf4 61. b7 Qa7+ 62. Kb5 Qb8 63. Qc4+ Kf3 64. Qd5+ Kf4 65. Kb6
g4 66. Qf7+ Ke3 67. Qc7 Qg8 68. Qg3+ Ke4 69. b8=Q Qe6+ 70. Qbd6 1-0

[Event "Festival International d'Eté JCL 2013 -"]
[Site "Montpellier"]
[Date "2013.07.09"]
[Round "3.2"]
[White "Valles, Manuel"]
[Black "Bujisho, Benjamin"]
[Result "1/2-1/2"]
[WhiteElo "2282"]
[BlackElo "2381"]
[PlyCount "61"]
[EventDate "2013.??.??"]
[EventType "swiss"]
[EventRounds "5"]
[EventCountry "FRA"]
[SourceDate "2005.09.12"]

1. d4 d5 2. c4 dxc4 3. Nf3 Nf6 4. e3 e6 5. Bxc4 c5 6. O-O a6 7. dxc5 Bxc5 8.
Qxd8+ Kxd8 9. Be2 Ke7 10. Ne5 Rd8 11. Nd2 Ke8 12. Nb3 Be7 13. f3 Nfd7 14. Nd3
Nc6 15. e4 a5 16. Be3 Bf6 17. a4 Nde5 18. Nf2 Nd7 19. Rab1 b6 20. Rfc1 Bb7 21.
Bb5 Rdc8 22. Ng4 Bd8 23. Rd1 Ke7 24. Rbc1 f6 25. Nd4 Nxd4 26. Bxd4 Rxc1 27.
Rxc1 Rc8 28. Rxc8 Bxc8 29. Ne3 e5 30. Nd5+ Kd6 31. Be3 1/2-1/2

[Event "Festival International d'Eté JCL 2013 -"]
[Site "Montpellier"]
[Date "2013.07.05"]
[Round "3.3"]
[White "Marholev, Dimitar"]
[Black "Carre, Sylvain"]
[Result "1-0"]
[WhiteElo "2308"]
[BlackElo "2129"]
[PlyCount "97"]
[EventDate "2013.??.??"]
[EventType "swiss"]
[EventRounds "5"]
[EventCountry "FRA"]
[SourceDate "2005.09.12"]

1. e4 e5 2. Nf3 Nf6 3. Nc3 Nc6 4. g3 a6 5. Bg2 Bc5 6. O-O h5 7. d3 d6 8. Bg5
Be6 9. Nd5 Bxd5 10. exd5 Ne7 11. d4 exd4 12. Nxd4 Qd7 13. c4 Qg4 14. Bxf6 Qxd1
15. Raxd1 gxf6 16. Rfe1 Kf8 17. Re4 Bxd4 18. Rdxd4 Ng6 19. f4 Kg7 20. Bh3 Rad8
21. Re3 Rhe8 22. Rde4 Rxe4 23. Rxe4 b6 24. Bf5 Kf8 25. Kf2 h4 26. g4 Ne7 27.
Bh7 b5 28. cxb5 axb5 29. Rd4 b4 30. Bc2 Rb8 31. Kg2 Kg7 32. Kh3 Ng6 33. Bxg6
fxg6 34. Kxh4 Rh8+ 35. Kg3 Ra8 36. Rxb4 Rxa2 37. Rb7 Ra5 38. Rxc7+ Kg8 39. b4
Rxd5 40. Rc3 Rb5 41. Rb3 Kf7 42. Kf3 Ke6 43. Ke4 Kd7 44. Kd4 Rb8 45. b5 f5 46.
gxf5 gxf5 47. b6 Rb7 48. Kd5 Kc8 49. Kc6 1-0

[Event "Festival International d'Eté JCL 2013 -"]
[Site "Montpellier"]
[Date "2013.07.09"]
[Round "3.5"]
[White "Buscara, Sevan"]
[Black "Blanc, Pablo"]
[Result "1-0"]
[WhiteElo "2334"]
[BlackElo "1647"]
[PlyCount "63"]
[EventDate "2013.??.??"]
[EventType "swiss"]
[EventRounds "5"]
[EventCountry "FRA"]
[SourceDate "2005.09.12"]

1. Nf3 e6 2. g3 Be7 3. Bg2 d5 4. O-O Nc6 5. d3 h5 6. h4 Nf6 7. Nbd2 Ng4 8. c4
Nce5 9. d4 Nxc4 10. Nxc4 dxc4 11. Qa4+ Bd7 12. Qxc4 Bc6 13. Re1 Qd5 14. Qxd5
exd5 15. Bf4 O-O-O 16. Rec1 f6 17. Rc2 Rdf8 18. Rac1 g5 19. hxg5 fxg5 20. Nxg5
Bxg5 21. Bxg5 Nxf2 22. Bf4 Ne4 23. Bxe4 dxe4 24. d5 Rhg8 25. Kf2 h4 26. Ke3
Rxf4 27. Kxf4 Bxd5 28. Rxc7+ Kb8 29. gxh4 Rh8 30. h5 Bc6 31. R7xc6 bxc6 32. Kg5
1-0

[Event "Festival International d'Eté JCL 2013 -"]
[Site "Montpellier"]
[Date "2013.07.09"]
[Round "3.7"]
[White "Prie, Eric"]
[Black "Doluhanova, Evgeniya"]
[Result "1-0"]
[WhiteElo "2493"]
[BlackElo "2320"]
[PlyCount "79"]
[EventDate "2013.??.??"]
[EventType "swiss"]
[EventRounds "5"]
[EventCountry "FRA"]
[SourceDate "2005.09.12"]

1. d4 d5 2. Bf4 c5 3. Nc3 e6 4. e4 Nf6 5. exd5 exd5 6. Bb5+ Nc6 7. Nf3 Bg4 8.
O-O Be7 9. dxc5 O-O 10. h3 Bh5 11. g4 Bg6 12. g5 Ne4 13. Nxd5 Bxc5 14. c3 a6
15. Be2 Ne7 16. Ne3 Qc8 17. Nd4 Bd6 18. Bxd6 Nxd6 19. Bg4 Qc5 20. h4 Rad8 21.
Qf3 Be4 22. Qf4 Qb6 23. b3 Ng6 24. Qh2 f5 25. Be2 f4 26. Nc4 Nxc4 27. Bxc4+ Bd5
28. Bxd5+ Rxd5 29. Rfe1 Ne5 30. Qh3 Qg6 31. Re2 h6 32. Rae1 Nc6 33. Qe6+ Qxe6
34. Nxe6 Rff5 35. Re4 Ne5 36. Nd4 Rxd4 37. Rxe5 Rxe5 38. Rxe5 Rd2 39. g6 Kf8
40. a4 1-0

[Event "Festival International d'Eté JCL 2013 -"]
[Site "Montpellier"]
[Date "2013.07.09"]
[Round "3.8"]
[White "Fantin, Ludwig"]
[Black "Flear, Glenn C"]
[Result "0-1"]
[WhiteElo "2261"]
[BlackElo "2456"]
[PlyCount "106"]
[EventDate "2013.??.??"]
[EventType "swiss"]
[EventRounds "5"]
[EventCountry "FRA"]
[SourceDate "2005.09.12"]

1. d4 d5 2. c4 e6 3. Nf3 Nf6 4. g3 c6 5. Bg2 Nbd7 6. b3 Be7 7. O-O O-O 8. Qc2
b6 9. Nbd2 Bb7 10. e4 Rc8 11. Bb2 Qc7 12. Rfe1 Rfd8 13. Rac1 Qb8 14. Qb1 Qa8
15. e5 Ne8 16. cxd5 cxd5 17. h4 Rxc1 18. Rxc1 Rc8 19. Bf1 Rxc1 20. Qxc1 Qc8 21.
Nb1 Qxc1 22. Bxc1 Nc7 23. Ba3 Bxa3 24. Nxa3 Ba6 25. Ne1 Bxf1 26. Kxf1 Nb8 27.
Ke2 Nc6 28. Nec2 f6 29. f4 h5 30. Nb1 Kf7 31. Nc3 g5 32. hxg5 fxg5 33. fxg5 Kg6
34. Kd3 Kxg5 35. Ne3 Ne8 36. a3 Ng7 37. Ne2 Nf5 38. Ng2 Kg4 39. Ngf4 Ncxd4 40.
Nxd4 Nxd4 41. Kxd4 h4 42. Nxd5 h3 43. Ne3+ Kf3 44. Nf1 Kf2 45. Ne3 h2 46. Ng4+
Kxg3 47. Nxh2 Kxh2 48. Kc4 a6 49. a4 Kg3 50. a5 bxa5 51. Kc5 Kf4 52. Kb6 Kxe5
53. Kxa6 Kd4 0-1

[Event "Festival International d'Eté JCL 2013 -"]
[Site "Montpellier"]
[Date "2013.07.09"]
[Round "3.9"]
[White "Inkiov, Ventzislav"]
[Black "N'Guyen, Emilien"]
[Result "1-0"]
[WhiteElo "2440"]
[BlackElo "2169"]
[PlyCount "77"]
[EventDate "2013.??.??"]
[EventType "swiss"]
[EventRounds "5"]
[EventCountry "FRA"]
[SourceDate "2005.09.12"]

1. e4 c6 2. d4 d5 3. exd5 cxd5 4. Bd3 Nc6 5. c3 Qc7 6. f4 e6 7. Nf3 Bd6 8. Ne5
Nge7 9. O-O O-O 10. Qc2 g6 11. Nd2 f6 12. Ndf3 fxe5 13. fxe5 Nxe5 14. dxe5 Bxe5
15. Nxe5 Rxf1+ 16. Bxf1 Qxe5 17. Qf2 Bd7 18. Bf4 Qf6 19. Qd2 Nc6 20. Be2 Rf8
21. Rf1 Qd8 22. Re1 Re8 23. Bg4 Bc8 24. Bf3 a5 25. Bh6 Qb6+ 26. Kh1 Qd8 27. h3
Bd7 28. Qf4 Bc8 29. c4 dxc4 30. Qxc4 Qd4 31. Qc1 Ne5 32. Re4 Nxf3 33. Rxd4 Nxd4
34. Qc7 Nf5 35. Bf4 h5 36. g4 hxg4 37. hxg4 Ne7 38. Be5 a4 39. Bf6 1-0

[Event "Festival International d'Eté JCL 2013 -"]
[Site "Montpellier"]
[Date "2013.07.09"]
[Round "3.11"]
[White "Stets, Dmitry"]
[Black "Ouakhir, Mehdi"]
[Result "1-0"]
[WhiteElo "2406"]
[BlackElo "2202"]
[PlyCount "77"]
[EventDate "2013.??.??"]
[EventType "swiss"]
[EventRounds "5"]
[EventCountry "FRA"]
[SourceDate "2005.09.12"]

1. e4 e5 2. Nf3 Nc6 3. Bb5 d6 4. d4 Bd7 5. Nc3 exd4 6. Nxd4 g6 7. Be3 Nf6 8.
Qd2 Bg7 9. Bxc6 bxc6 10. Bh6 Bxh6 11. Qxh6 Ng4 12. Qd2 Qh4 13. Nf3 Qf6 14.
O-O-O O-O 15. Rhe1 Rfe8 16. h3 Ne5 17. Nxe5 Qxe5 18. f4 Qa5 19. e5 d5 20. Ne4
Qxa2 21. Nf6+ Kh8 22. Qc3 Be6 23. Nxe8 Rxe8 24. b3 Qa3+ 25. Kd2 Qa6 26. Qc5 d4
27. Qxd4 Qa5+ 28. b4 Qa3 29. Re3 Qa4 30. Ra1 Qb5 31. Ke1 Qb8 32. Rd3 Bf5 33.
Rd2 c5 34. Qxc5 Qb7 35. Kf2 h5 36. Rxa7 Qb8 37. Rxc7 Be6 38. b5 Rd8 39. Rd6 1-0

[Event "Festival International d'Eté JCL 2013 -"]
[Site "Montpellier"]
[Date "2013.07.09"]
[Round "4.1"]
[White "Marholev, Dimitar"]
[Black "Brochet, Philippe"]
[Result "0-1"]
[WhiteElo "2308"]
[BlackElo "2396"]
[PlyCount "88"]
[EventDate "2013.??.??"]
[EventType "swiss"]
[EventRounds "5"]
[EventCountry "FRA"]
[SourceDate "2005.09.12"]

1. e4 e6 2. Nc3 c5 3. Nge2 Nc6 4. h3 d5 5. exd5 exd5 6. d4 Nf6 7. Be3 c4 8. a3
b5 9. Nxb5 Rb8 10. Nbc3 Rxb2 11. g4 Be7 12. Bg2 O-O 13. Qc1 Rb8 14. g5 Ne4 15.
Nxe4 dxe4 16. Bxe4 Bb7 17. Rb1 Ba8 18. Rxb8 Qxb8 19. d5 Ne5 20. O-O Ng6 21. Rd1
Qe5 22. Bg2 Bd6 23. f4 Qe7 24. Nd4 Nh4 25. Bh1 Qd7 26. Kh2 Re8 27. Bf2 Nf5 28.
Kg1 Nxd4 29. Rxd4 Qxh3 30. Qf1 Qxa3 31. Rxc4 Bb7 32. Rd4 Ba6 33. c4 Bc5 34. Rd2
Qg3+ 35. Bg2 Bxc4 36. Qxc4 Re1+ 37. Qf1 Rxf1+ 38. Kxf1 Qc3 39. Re2 Qc1+ 40. Re1
Qc4+ 41. Kg1 Bxf2+ 42. Kxf2 Qxf4+ 43. Bf3 Kf8 44. Rb1 Qd2+ 0-1

[Event "Festival International d'Eté JCL 2013 -"]
[Site "Montpellier"]
[Date "2013.07.10"]
[Round "4.3"]
[White "Flear, Glenn C"]
[Black "Buscara, Sevan"]
[Result "1-0"]
[WhiteElo "2456"]
[BlackElo "2334"]
[PlyCount "73"]
[EventDate "2013.??.??"]
[EventType "swiss"]
[EventRounds "5"]
[EventCountry "FRA"]
[SourceDate "2005.09.12"]

1. d4 d5 2. c4 c6 3. Nc3 Nf6 4. e3 g6 5. Nf3 Bg7 6. Bd3 O-O 7. O-O Bg4 8. h3
Bxf3 9. Qxf3 e6 10. Rd1 Nbd7 11. Bd2 Re8 12. Be1 Qe7 13. Bf1 Rad8 14. Rac1 dxc4
15. Bxc4 e5 16. Bf1 e4 17. Qe2 Nb6 18. b4 a6 19. a4 Nfd5 20. b5 Nxc3 21. Bxc3
Nxa4 22. bxc6 Nxc3 23. Rxc3 Ra8 24. cxb7 Qxb7 25. Qa2 Bf8 26. Bc4 Ra7 27. Rb1
Qe7 28. Qa5 Qd8 29. Rb6 Bd6 30. Qa4 Ree7 31. Rxa6 Qa8 32. g3 Rxa6 33. Bxa6 Rc7
34. Rxc7 Bxc7 35. Qc4 Qb8 36. Qd5 Bxg3 37. Bc4 1-0

[Event "Festival International d'Eté JCL 2013 -"]
[Site "Montpellier"]
[Date "2013.07.09"]
[Round "4.4"]
[White "Bujisho, Benjamin"]
[Black "Inkiov, Ventzislav"]
[Result "1/2-1/2"]
[WhiteElo "2381"]
[BlackElo "2440"]
[PlyCount "91"]
[EventDate "2013.??.??"]
[EventType "swiss"]
[EventRounds "5"]
[EventCountry "FRA"]
[SourceDate "2005.09.12"]

1. e4 c5 2. Nf3 d6 3. d4 cxd4 4. Nxd4 Nf6 5. Nc3 Nc6 6. Bg5 e6 7. Qd2 Be7 8.
O-O-O Nxd4 9. Qxd4 O-O 10. f4 Qa5 11. e5 dxe5 12. Qxe5 Qxe5 13. fxe5 Nd5 14.
Bxe7 Nxe7 15. Bd3 b6 16. Be4 Rb8 17. Rhe1 Bb7 18. Nb5 Bxe4 19. Rxe4 Rb7 20. Rd3
a6 21. Nd6 Ra7 22. Rb3 b5 23. a4 bxa4 24. Rxa4 Nc6 25. Rb6 Nxe5 26. Rbxa6 Rc7
27. b4 h6 28. b5 Rd7 29. Nc4 Nxc4 30. Rxc4 e5 31. Rca4 f5 32. b6 e4 33. Ra8 e3
34. Rxf8+ Kxf8 35. Ra8+ Ke7 36. Ra7 Ke8 37. Rxd7 Kxd7 38. c4 Kc6 39. c5 f4 40.
h4 g5 41. hxg5 hxg5 42. Kd1 Kb7 43. Ke2 Kc6 44. g3 Kb7 45. gxf4 gxf4 46. Kf3
1/2-1/2

[Event "Festival International d'Eté JCL 2013 -"]
[Site "Montpellier"]
[Date "2013.07.09"]
[Round "4.5"]
[White "Kostiuk, Tatiana"]
[Black "Stets, Dmitry"]
[Result "1-0"]
[WhiteElo "2322"]
[BlackElo "2406"]
[PlyCount "93"]
[EventDate "2013.??.??"]
[EventType "swiss"]
[EventRounds "5"]
[EventCountry "FRA"]
[SourceDate "2005.09.12"]

1. d4 Nf6 2. Nf3 g6 3. g3 Bg7 4. Bg2 O-O 5. c4 d6 6. O-O Nc6 7. Nc3 Bf5 8. d5
Na5 9. Nd4 Bd7 10. b3 c5 11. Nc2 a6 12. Rb1 Rb8 13. Qd3 b5 14. Bd2 e6 15. dxe6
Bxe6 16. Ne3 Re8 17. Rfd1 bxc4 18. bxc4 Rxb1 19. Rxb1 Nxc4 20. Nxc4 d5 21. Nb6
c4 22. Qc2 Bf5 23. e4 Nxe4 24. Nxe4 Rxe4 25. Bxe4 Bxe4 26. Qd1 Bxb1 27. Qxb1 c3
28. Bf4 h5 29. Na4 d4 30. Qb8 Qxb8 31. Bxb8 Bh6 32. Nc5 c2 33. Nd3 c1=Q+ 34.
Nxc1 Bxc1 35. Kf1 d3 36. Ke1 f5 37. Kd1 Bh6 38. Bf4 g5 39. Be3 f4 40. gxf4 g4
41. Kd2 Kf7 42. Kxd3 Bf8 43. Ke4 Bd6 44. f3 Ke6 45. fxg4 hxg4 46. Bd4 Kf7 47.
Kf5 1-0

[Event "Festival International d'Eté JCL 2013 -"]
[Site "Montpellier"]
[Date "2013.07.09"]
[Round "4.7"]
[White "Libiszewski, Fabien"]
[Black "Youssoupov, Moisse"]
[Result "1-0"]
[WhiteElo "2523"]
[BlackElo "2146"]
[PlyCount "97"]
[EventDate "2013.??.??"]
[EventType "swiss"]
[EventRounds "5"]
[EventCountry "FRA"]
[SourceDate "2005.09.12"]

1. c4 Nf6 2. Nc3 g6 3. e4 d6 4. d4 Bg7 5. Nf3 O-O 6. Be3 e5 7. dxe5 dxe5 8.
Qxd8 Rxd8 9. Nd5 Nxd5 10. cxd5 f5 11. Bc4 Kf8 12. O-O-O b6 13. Ng5 h6 14. Ne6+
Bxe6 15. dxe6 Rd6 16. Rxd6 cxd6 17. Kb1 Nc6 18. Rc1 Ne7 19. f3 Rc8 20. b3 Ng8
21. Rd1 Ke7 22. Ba6 Rc7 23. Bc1 Nf6 24. Ba3 Ne8 25. Bb5 Bf8 26. Kb2 a6 27. Bd7
b5 28. Rd5 fxe4 29. fxe4 Rxd7 30. exd7 Kxd7 31. Rd1 Nf6 32. Re1 a5 33. Kc2 Ke6
34. Kd3 Nd7 35. Bc1 Nc5+ 36. Ke3 h5 37. Kf3 Be7 38. Be3 g5 39. Bxc5 dxc5 40.
Ke3 h4 41. h3 Kd6 42. Kd3 Kc6 43. Rf1 Kd6 44. Rf5 Ke6 45. Kc3 Kd6 46. a4 b4+
47. Kc4 Ke6 48. Kb5 Kd6 49. Rf1 1-0

[Event "Festival International d'Eté JCL 2013 -"]
[Site "Montpellier"]
[Date "2013.07.09"]
[Round "4.8"]
[White "Touzane, Olivier"]
[Black "Meunier, Clement"]
[Result "1-0"]
[WhiteElo "2314"]
[BlackElo "1999"]
[PlyCount "105"]
[EventDate "2013.??.??"]
[EventType "swiss"]
[EventRounds "5"]
[EventCountry "FRA"]
[SourceDate "2005.09.12"]

1. d4 Nf6 2. c4 c5 3. d5 b5 4. cxb5 a6 5. bxa6 g6 6. Nc3 Bxa6 7. g3 d6 8. Bg2
Bg7 9. Rb1 Nbd7 10. Nf3 Nb6 11. b3 Bc8 12. Nh4 h6 13. Qd3 Qd7 14. O-O O-O 15.
Re1 g5 16. Nf3 Qf5 17. Qxf5 Bxf5 18. e4 Bg6 19. Bb2 Nfxd5 20. Nxd5 Nxd5 21.
Bxg7 Kxg7 22. exd5 Bxb1 23. Rxb1 Rxa2 24. Re1 Kf6 25. h4 Rb2 26. hxg5+ hxg5 27.
Nh2 Re8 28. Re3 Rb1+ 29. Bf1 Rd1 30. Kg2 Rd4 31. Bb5 Rd8 32. Bc4 Re8 33. Re1 g4
34. Bb5 Rd8 35. Be2 Rxd5 36. Nxg4+ Kg7 37. Bf3 Rd3 38. Rxe7 Rb8 39. Bb7 Rxb3
40. Bd5 Rd3 41. Bxf7 Kf8 42. Rc7 Rb4 43. Bg6 Rxg4 44. Bxd3 Rd4 45. Bf5 c4 46.
g4 d5 47. Kf3 Rd1 48. Kf4 Rf1 49. Ke5 Rxf2 50. Kf6 Re2 51. g5 c3 52. g6 c2 53.
Rc8+ 1-0

[Event "Festival International d'Eté JCL 2013 -"]
[Site "Montpellier"]
[Date "2013.07.05"]
[Round "4.10"]
[White "Carre, Sylvain"]
[Black "Collas, Silvia"]
[Result "0-1"]
[WhiteElo "2129"]
[BlackElo "2275"]
[PlyCount "100"]
[EventDate "2013.??.??"]
[EventType "swiss"]
[EventRounds "5"]
[EventCountry "FRA"]
[SourceDate "2005.09.12"]

1. d4 Nf6 2. Bf4 c5 3. e3 Qb6 4. Nc3 g6 5. Rb1 Bg7 6. Nf3 d6 7. Bb5+ Nbd7 8.
O-O a6 9. dxc5 Qxc5 10. Be2 b5 11. Nd4 Bb7 12. Bf3 Qb6 13. Nb3 O-O 14. Bxb7
Qxb7 15. Ne2 a5 16. a3 Rfc8 17. Bg3 Nb6 18. Ned4 Nc4 19. Nd2 e5 20. Nxc4 bxc4
21. Ne2 Ne4 22. f3 Nxg3 23. Nxg3 d5 24. c3 h5 25. Re1 Rab8 26. f4 Rc5 27. a4
Qd7 28. fxe5 Bxe5 29. Ne2 Qd6 30. h3 Re8 31. Nd4 Bg3 32. Re2 Re4 33. Qf1 Rc8
34. Qf3 Rf8 35. Rd1 h4 36. Nc2 Rfe8 37. Rf1 f5 38. Rd2 R8e5 39. Rfd1 Qd7 40.
Ra1 Qb7 41. Qd1 Kg7 42. Qb1 Qb3 43. Rd4 Qb6 44. Rxe4 Rxe4 45. Kh1 f4 46. Qd1
fxe3 47. Qxd5 Re5 48. Qd7+ Kh6 49. Qc8 Qf6 50. Nd4 e2 0-1

[Event "Festival International d'Eté JCL 2013 -"]
[Site "Montpellier"]
[Date "2013.07.09"]
[Round "4.11"]
[White "Gelis, Dorian"]
[Black "Dussol, Pierre"]
[Result "1-0"]
[WhiteElo "2113"]
[BlackElo "2181"]
[PlyCount "73"]
[EventDate "2013.??.??"]
[EventType "swiss"]
[EventRounds "5"]
[EventCountry "FRA"]
[SourceDate "2005.09.12"]

1. e4 c5 2. Nc3 a6 3. f4 e6 4. g3 Nc6 5. Bg2 g6 6. Nf3 Bg7 7. O-O d6 8. d3 Nge7
9. Ne2 O-O 10. g4 f5 11. gxf5 exf5 12. c3 b5 13. Ng3 Rb8 14. Be3 h6 15. Nh4 Bf6
16. Nf3 Be6 17. Re1 fxe4 18. dxe4 Bg7 19. Qd2 Na5 20. b3 Bxb3 21. axb3 Nxb3 22.
Qa2 c4 23. Nd4 Nc5 24. f5 Qd7 25. fxg6 Nxg6 26. Ngf5 Rxf5 27. exf5 Nh4 28. Bd5+
Kh7 29. Rf1 Bf6 30. Qf2 Nd3 31. Qg3 b4 32. Rxa6 Ne5 33. Rb6 Rc8 34. Rb7 Qxb7
35. Bxb7 bxc3 36. Bd5 Nd3 37. Qxd6 1-0

[Event "Festival International d'Eté JCL 2013 -"]
[Site "Montpellier"]
[Date "2013.07.09"]
[Round "4.12"]
[White "Thetis, Jimmy"]
[Black "Grollemund, Bertrand"]
[Result "1-0"]
[WhiteElo "2071"]
[BlackElo "2163"]
[PlyCount "67"]
[EventDate "2013.??.??"]
[EventType "swiss"]
[EventRounds "5"]
[EventCountry "FRA"]
[SourceDate "2005.09.12"]

1. d4 Nf6 2. c4 g6 3. Nc3 d5 4. cxd5 Nxd5 5. e4 Nb6 6. Be3 Bg7 7. Qd2 e5 8. d5
c6 9. d6 Be6 10. b3 N8d7 11. Bg5 Nf6 12. Nf3 h6 13. Bh4 Nbd7 14. Bc4 Bg4 15.
Qe3 Qb6 16. Qe2 Qb4 17. Qd2 b5 18. a3 Qc5 19. Be2 a5 20. O-O O-O 21. Rfc1 g5
22. Bg3 Ne8 23. Nxb5 Qb6 24. Nc7 Nxc7 25. dxc7 Qxc7 26. Nd4 Bxe2 27. Qxe2 c5
28. Nf5 Rfb8 29. Rc3 Rb7 30. Qh5 Nf6 31. Nxh6+ Kh7 32. Qxg5 Qc6 33. Nf5 Bf8 34.
Bxe5 1-0

[Event "Festival International d'Eté JCL 2013 -"]
[Site "Montpellier"]
[Date "2013.07.09"]
[Round "4.19"]
[White "Raviot, Pascal"]
[Black "Fantin, Ludwig"]
[Result "0-1"]
[WhiteElo "1708"]
[BlackElo "2261"]
[PlyCount "30"]
[EventDate "2013.??.??"]
[EventType "swiss"]
[EventRounds "5"]
[EventCountry "FRA"]
[SourceDate "2005.09.12"]

1. Nf3 Nf6 2. d4 e6 3. Bf4 c5 4. c3 Nc6 5. h3 Qb6 6. b3 cxd4 7. a3 dxc3 8. Nxc3
d5 9. e3 a6 10. b4 Be7 11. Be2 O-O 12. O-O Rd8 13. Qb1 d4 14. Nxd4 Nxd4 15.
exd4 Qxd4 0-1

[Event "Festival International d'Eté JCL 2013 -"]
[Site "Montpellier"]
[Date "2013.07.10"]
[Round "5.1"]
[White "Brochet, Philippe"]
[Black "Flear, Glenn C"]
[Result "1/2-1/2"]
[WhiteElo "2396"]
[BlackElo "2456"]
[PlyCount "88"]
[EventDate "2013.??.??"]
[EventType "swiss"]
[EventRounds "5"]
[EventCountry "FRA"]
[SourceDate "2005.09.12"]

1. e4 e5 2. Nf3 Nc6 3. d4 exd4 4. Nxd4 Bc5 5. Nb3 Bb6 6. Nc3 Nge7 7. Bg5 f6 8.
Bh4 O-O 9. Qd2 d6 10. O-O-O Ne5 11. f4 Ng4 12. Bc4+ Kh8 13. Rde1 Ng6 14. h3
N4e5 15. fxe5 Nxh4 16. exf6 Rxf6 17. Rhf1 Be6 18. Nd5 Bxd5 19. exd5 Ng6 20. Nd4
Bxd4 21. Qxd4 Rxf1 22. Rxf1 Qe7 23. Bd3 Ne5 24. Kb1 b6 25. a3 a5 26. Qe4 g6 27.
h4 Rf8 28. Rxf8+ Qxf8 29. h5 Qf6 30. hxg6 hxg6 31. Ba6 Qf2 32. a4 Kg7 33. b3
Kh6 34. Bc8 Kg5 35. Be6 Qf4 36. Qe1 Qd4 37. Qc1+ Kh5 38. Qh1+ Qh4 39. Qd1+ Kh6
40. Qd2+ Qg5 41. Qc3 Qe7 42. Ka2 Kg7 43. Bc8 Qf7 44. Be6 Qe7 1/2-1/2